Computer skill (Record no. 9189)

MARC details
000 -LEADER
fixed length control field 00521cam a2200205ua 4500
001 - CONTROL NUMBER
control field 10201
005 - DATE AND TIME OF LATEST TRANSACTION
control field 20260515114601.0
008 - FIXED-LENGTH DATA ELEMENTS--GENERAL INFORMATION
fixed length control field 171011n ii |||gr||||Z||||||eng
020 ## - INTERNATIONAL STANDARD BOOK NUMBER
International Standard Book Number 9789327229165
040 ## - CATALOGING SOURCE
Transcribing agency MAIN
041 ## - LANGUAGE CODE
Language code of text/sound track or separate title eng
082 ## - DEWEY DECIMAL CLASSIFICATION NUMBER
Classification number 004
100 ## - MAIN ENTRY--PERSONAL NAME
Personal name Gupta, Vikram,
Relator term Author.
245 ## - TITLE STATEMENT
Title Computer skill
Statement of responsibility, etc. By Vikram Gupta and S.S. Bhatia
260 ## - PUBLICATION, DISTRIBUTION, ETC.
Place of publication, distribution, etc. Ludhiana:
Name of publisher, distributor, etc. Kalyani,
Date of publication, distribution, etc. 2015.
300 ## - PHYSICAL DESCRIPTION
Extent 16:17.
653 ## - INDEX TERM--UNCONTROLLED
Uncontrolled term Data processing & computer science
700 ## - ADDED ENTRY--PERSONAL NAME
Personal name Bhatia, S.S.,
Relator term Author.
942 ## - ADDED ENTRY ELEMENTS (KOHA)
Koha item type Books
Holdings
Withdrawn status Lost status Damaged status Not for loan Home library Current library Shelving location Date acquired Total checkouts Full call number Barcode Date last seen Date last checked out Copy number Price effective from Koha item type
        Naharkatiya College Library Naharkatiya College Library General stacks 09/19/2020 1 004 | GUP 23952 03/31/2023 03/13/2023 3 09/19/2020 Books
        Naharkatiya College Library Naharkatiya College Library General stacks 09/19/2020   004 | GUP 23953 09/19/2020   2 09/19/2020 Books
        Naharkatiya College Library Naharkatiya College Library General stacks 09/19/2020 1 004 | GUP 23954 12/10/2021 11/29/2021 1 09/19/2020 Books